Co je to management : Jaká je jeho úloha a proč je věcí každého z nás

Guardado en:
Detalles Bibliográficos
Autores principales: Magretta, Joan (Autor), Stone, Nan (Autor)
Formato: Libro
Lenguaje:checo
Publicado: Praha : Management Press, 2004
Materias:
Etiquetas: Agregar Etiqueta
Sin Etiquetas, Sea el primero en etiquetar este registro!

MARC

LEADER 00000nam a22000003a 4500
001 stu90342
005 20150617225627.7
008 040924s2004----xr------------------cze-d
020 |a 80-7261-106-2 
040 |a STU  |b slo 
041 0 |a cze 
044 |a xr 
080 |a 005  |7 stu_us_auth*stu3822 
100 1 |a Magretta, Joan  |4 aut 
245 1 |a Co je to management :  |b Jaká je jeho úloha a proč je věcí každého z nás 
260 |a Praha :  |b Management Press,  |c 2004 
300 |a 206 s 
650 7 |a manažment  |2 stusub 
700 1 |a Stone, Nan  |4 aut 
996 |b 284J022621  |c J*102943  |l JJSK  |s A  |a 24  |w stu90342_0001